Vista normal Vista MARC

Entrada Nombre personal

Número de registros utilizados en: 1

001 - NÚMERO DE CONTROL

  • Campo de control: 44344

003 - IDENTIFICADOR DE NÚMERO DE CONTROL

  • Campo de control: OSt

005 - FECHA Y HORA DE LA ULTIMA MODIFICACION

  • Campo de control: 20201114094105.0

008 - ELEMENTOS DE DATOS DE LONGITUD FIJA

  • Campo de longitud fija: 201114|| aca||aabn | a|a d

040 ## - FUENTE DE LA CATALOGACIÓN

  • Agencia original de catalogación: OSt

100 1# - ENCABEZAMIENTO--NOMBRE DE PERSONA

  • Nombre personal: Figueroa Mathus, Sandra Lissette

670 ## - FUENTE DE DATOS ENCONTRADOS

  • Fuente de citación: Investigación, Oferta turística del Municipio de San Juan Opico, La Libertad

670 ## - FUENTE DE DATOS ENCONTRADOS

  • Fuente de citación: BMC.- 14-11-2020